000 01005nam a2200301 i 4500
001 bg
100 1 _aMcNAB, Rosi
245 1 0 _aJęzyk niemiecki dla początkujących /
_cRosi McNab ; przeł. Sławomira Kaleta-Wojtasik, Barbara Sławomirska.
246 _iTyt. oryg.:
_aBeginner's German
250 _aWyd.2.
260 _aKraków :
_bWydaw. Literackie,
_c2002.
300 _a243, [5] s. :
_brys. ;
_c20 cm +
_ekaseta dźw.
490 1 _aUcz się Sam. Języki Obce
500 _aTyt. oryg.: "Beginner's German" 1992.
650 9 _aJęzyk niemiecki
655 _aPodręczniki
830 0 _aUcz się Sam.
_pJęzyki Obce
020 _a8308032133
020 _a8308027458 (seria)
040 _cBPK
041 1 _adepl
_hen
080 _a811.112.2(07)
920 _a83-08-03213-3
920 _a83-08-02745-8 (seria)
942 _cKS
008 s pl f |000 0 pol
999 _c41632
_d41632